00342 a2200145 450000100060000002000150000604000240002110000160004524000370006124500320009830000110013036200090014144000150015065000310016569745 a8516035697 cAnchieta - Itaigara aRocha, Ruth10aO que os olhos não vêemlpor10aO que os olhos não vêem a[27p.]0 a1994 1aSalamandra 4aLiteratura infanto-juvenil